Cenové rozhodovanie firmy. Cenotvorba a cenové stratégie diplomová práca

Uložené v:
Podrobná bibliografia
Hlavný autor: Mikulaninová, Lenka
Korporativný autor: Fakulta podnikového manažmentu EU. Katedra podnikovohospodárska
Ďalší autori: Fendeková, Eleonora, 1952-
Médium: Kniha
Jazyk:Slovak
Vydavateľské údaje: Bratislava 2015
Tagy: Pridať tag
Žiadne tagy, Buďte prvý, kto otaguje tento záznam!

MARC

LEADER 00000nbm a2200000 4500
001 0201341
005 20161212102515.0
041 0 |a slo 
044 |a SK 
245 1 0 |a Cenové rozhodovanie firmy. Cenotvorba a cenové stratégie  |b diplomová práca  |c Lenka Mikulaninová ; školiteľ: Eleonora Fendeková 
264 1 |a Bratislava  |c 2015 
300 |a 72 s. 
100 1 |a Mikulaninová, Lenka 
700 1 |a Fendeková, Eleonora, 1952- 
710 2 |a Fakulta podnikového manažmentu EU. Katedra podnikovohospodárska